| 000 | 01378cad a22002535a 4500 | ||
|---|---|---|---|
| 001 | L160102 | ||
| 008 | 100611s2009 xxk f 000 0 eng d | ||
| 035 | _a(Sirsi) u160102 | ||
| 041 | 0 | _aeng | |
| 110 | 2 | _aFederation International Des Geometres | |
| 111 | 2 |
_aFIG / World Bank Conference Washington DC, USA _d9 - 10 March 2009 |
|
| 245 | 0 | 0 |
_aBuilding institutional and organizational developments for land administration _h[electronic resource] |
| 260 |
_aWashington _bFIG _c2009 |
||
| 520 | _aDescribes how a Task Force on Institutional and Organisational Development has developed a capacity assessment model into an assessment template which can be used by organisations and nations to highlight their strengths and weaknesses. The paper also presents, as a basis for further discussion and refinement, a series of key organisational elements which the Task Force believes need to be in place for organisations forming part of land administration systems to work effectively. | ||
| 521 | _aAdvanced | ||
| 590 | _aKA | ||
| 650 | 2 | 4 | _aASSESSMENT SCHEMES |
| 650 | 2 | 4 | _aLAND ADMINISTRATION |
| 651 | 4 | _aInternational | |
| 690 |
_aLand use _96251 |
||
| 700 | 1 | _aGreenway, Iain | |
| 856 | 4 | 0 |
_uhttps://www.rics.org/Global/Downloads/RICS_FIG_Building_Institutional_and_Oragnisational_Capacity_for_Land.pdf _zView the document free of charge at www.rics.org |
| 942 | _n0 | ||
| 999 |
_c116218 _d116218 |
||